000 01119nam a2200337Ia 4500
003 OSt
005 20221007121146.0
006 a|||||r|||| 00| 0
007 ta
008 221006b |||||||| |||| 00| 0 eng d
020 _a9780470905968 (hbk)
024 _a162355
037 _b161, 09/11/2011, N R Book Distributors
_cTextual
040 _aBDL
_cBDL
_beng
041 _2eng
_aeng
082 _aG11:66, Q1 Carb
100 _aWiley E,O
_9466468
245 0 _aPhylogenetics: Theory and practice of phylogenetic systematics
_b Lieberman Bruce, S
250 _a2
260 _aCanada
_bWiley-Blackwell
_c2011
300 _axv;406p.
_ccm.
500 _aInclude bibliographical references 349-389p; Index 390-406p
650 _a Biology classification
_9710850
650 _a Cladistic analysis
_9710851
650 _a Phylogenetics
650 _a Phylogeny
_9710852
650 _aBotany
700 _a Lieberman Bruce, S
_9466469
942 _hG11:66, Q1 Carb
_cTEXL
_2CC
999 _c1208505
_d1208505